Zo života bábok
Saved in:
| Main Author | |
|---|---|
| Format | Electronic eBook |
| Language | Czech |
| Published |
Metafora SK
2024
|
| Edition | 1. elektronické vydání |
| Subjects | |
| Online Access | Dostupné v BOOKPORT po přihlášení pomocí eduID |
| ISBN | 978-80-8090-825-6 978-80-8090-823-2 |
| Physical Description | 1 online zdroj (408 stran) |
Cover
| LEADER | 00000nam a2200000 i 4500 | ||
|---|---|---|---|
| 001 | bkp100280 | ||
| 003 | CZ-prgp | ||
| 005 | 20240816122430.0 | ||
| 006 | m o d | ||
| 007 | cr cn | ||
| 008 | 240816s2024 xr o 000 1 cze | ||
| 020 | |a 978-80-8090-825-6 |c 404 Kč |q (online ; epub) | ||
| 020 | |a 978-80-8090-823-2 |c 475 Kč |q (print) | ||
| 040 | |a Grada |b cze |e rda | ||
| 100 | 1 | |a Klune, TJ | |
| 245 | 1 | 0 | |a Zo života bábok |c TJ Klune |
| 250 | |a 1. elektronické vydání | ||
| 264 | 1 | |b Metafora SK |c 2024 | |
| 300 | |a 1 online zdroj (408 stran) | ||
| 336 | |a text |b txt |2 rdacontent | ||
| 337 | |a počítač |b c |2 rdamedia | ||
| 338 | |a online zdroj |b cr |2 rdacarrier | ||
| 520 | 3 | |a Victor žije v lesnom domčeku spolu so svojím nevlastným otcom Giom a dvoma robotickými priateľmi. Ich život by zdanlivo nemohol byť idylickejší, no žiadna idyla nemôže trvať večne. Keď sa na vrakovisku v lese nečakane objaví ešte stále živý android Hap, všetko sa zmení. | |
| 650 | 0 | 4 | |a Sci-fi, fantasy |
| 856 | 4 | 0 | |u https://www.bookport.cz/AccountSaml/SignIn/?idp=https://shibboleth.utb.cz/idp/shibboleth&returnUrl=/kniha/zo-zivota-babok-12844/ |y Dostupné v BOOKPORT po přihlášení pomocí eduID |